LEADER 01247cam2-2200409---450 001 990005643370203316 005 20210825093215.0 035 $a000564337 035 $aUSA01000564337 035 $a(ALEPH)000564337USA01 035 $a000564337 100 $a20040510d1967----|||y0itaa50------ba 101 0 $aita 102 $aIT 105 $a0 00||| 200 1 $a<<6: La >> percezione$fdi Jean Piaget, Paul Fraisse, Eliane Vurpillot e Robert Francès 205 $a2. ed. riv 210 $aTorino$cEinaudi$d1967 215 $aXII, 401 p.$d22 cm 454 $a<> perception 461 0$1001000563166$12001$aTrattato di psicologia sperimentale 606 0 $aSensazioni$2BNCF 676 $a152.1 700 1$aPIAGET,$bJean$f<1896-1980 >$00 701 1$aFRAISSE,$bJean-Claude$0178328 701 1$aVURPILLOT,$bEliane$0161245 702 1$aFRANCÈS,$bRobert 801 0$aIT$bSA$c20111219 912 $a990005643370203316 950 0$aDipar.to di Filosofia - Salerno$dDFFDC TRAPS 6$e5151 FIL 951 $aXV.18.A. 1240 6 (FDC TRAPS 6)$b5151 FIL$cXV.18.A$d481649 959 $aBK 969 $aFDECI 979 $c20121027$lUSA01$h1525 979 $c20121027$lUSA01$h1614 996 $aPercezione$91744131 997 $aUNISA LEADER 01634oas 22005893 450 001 9910338748003321 005 20250921213016.0 011 $a2330-5525 035 $a(OCoLC)60623091 035 $a(CONSER) 2013203211 035 $a(CKB)110985818340394 035 $a(EXLCZ)99110985818340394 100 $a20050614a20019999 uy a 101 0 $aeng 135 $aurun||||||||| 181 $ctxt$2rdacontent 182 $cc$2rdamedia 183 $acr$2rdacarrier 200 00$aAATCC review 210 1$aResearch Triangle Park, North Carolina :$cAmerican Association of Textile Chemists and Colorists,$d2001- 300 $aRefereed/Peer-reviewed 311 08$a1532-8813 517 1 $aAmerican Association of Textile Chemists and Colorists review 531 0 $aAATCC rev. 606 $aTextile chemistry$vPeriodicals 606 $aDyes and dyeing$vPeriodicals 606 $aDyes and dyeing$2fast$3(OCoLC)fst00900233 606 $aTextile chemistry$2fast$3(OCoLC)fst01148599 608 $aPeriodicals.$2fast 615 0$aTextile chemistry 615 0$aDyes and dyeing 615 7$aDyes and dyeing. 615 7$aTextile chemistry. 676 $a667 676 $a667 712 02$aAmerican Association of Textile Chemists and Colorists 801 0$bOCLCS 801 1$bOCLCS 801 2$bOCLCQ 801 2$bOCLCE 801 2$bOCLCQ 801 2$bDLC 801 2$bOCLCF 801 2$bOCLCO 801 2$bOCLCA 801 2$bDLC 801 2$bOCLCO 801 2$bOCLCL 906 $aJOURNAL 912 $a9910338748003321 996 $aAATCC review$92094957 997 $aUNINA